| 000 | 00418cam a2200181ua 4500 | ||
|---|---|---|---|
| 020 | _a0-246-12019-3 | ||
| 041 |
_aeng _h |
||
| 082 |
_a631.3 _bMOO/FA |
||
| 100 | _aMoore, Vil . | ||
| 245 |
_aFarm workshop maintenance / _cVil Moore. _hTextual Documents |
||
| 250 |
_a3 / _b. |
||
| 260 |
_a : _bGranada , _c1984. |
||
| 300 | _a249 ; . | ||
| 504 | _a | ||
| 942 | _cBK | ||
| 999 |
_c5438 _d5438 |
||